| 000 | 00612nam a2200205 u 4500 | ||
|---|---|---|---|
| 005 | 20240314063635.0 | ||
| 008 | 080421s2007 ea r 000 0 spa d | ||
| 020 | _a1404272747 | ||
| 035 | _aUPN01000155556 | ||
| 049 | _aI | ||
| 050 | 4 |
_aPZ10.3 _bR4.4 |
|
| 100 | 1 | _aRea, Lynn | |
| 245 | 1 | 0 |
_aLucha de la cuerda / _cLynn Rea ; tr. MarĂa Cristina Brusca. |
| 260 |
_aNew york : _bThe Rosen Publishing Group, _c2007. |
||
| 300 |
_a16 p. _bil. col. |
||
| 440 | 0 | _aLecturas del barrio | |
| 650 | 0 |
_aAnimales _vCuentos y leyendas _9234 |
|
| 650 | 4 |
_aCuentos infantiles estadounidenses _910762 |
|
| 905 | _aInfantil | ||
| 999 |
_c127671 _d127671 |
||